书目信息 |
| 题名: |
锂、铷、铯
|
|
| 作者: | ;《稀有金属知识》编写组 编 | |
| 分册: | ||
| 出版信息: | 北京 冶金工业出版社 1974 |
|
| 页数: | 54页 | |
| 开本: | 20cm | |
| 丛书名: | 稀有金属知识 | |
| 单 册: | ||
| 中图分类: | TF826.3 | |
| 科图分类: | ||
| 主题词: | 轻有色金属--有色金属冶金 | |
| 电子资源: | ||
| ISBN: | ||
| 000 | 00665nam0 2200217 450 | |
| 001 | 0660648773 | |
| 005 | 20060508165306.35 | |
| 010 | @dCNY0.15 | |
| 100 | @a20060508d1974 km y0chiy0120 ea | |
| 101 | 0 | @achi |
| 102 | @aCN@b110000 | |
| 200 | 1 | @a锂、铷、铯@Ali、ru、se@f《稀有金属知识》编写组编@F《xi you jin shu zhi shi》bian xie zu bian |
| 210 | @a北京@c冶金工业出版社@d1974 | |
| 215 | 1 | @a54页@d20cm |
| 225 | 2 | @a稀有金属知识 |
| 410 | 0 | @12001 @a稀有金属知识 |
| 606 | 0 | @a轻有色金属@x有色金属冶金 |
| 690 | @aTF826.3@v4 | |
| 711 | 0 | @a《稀有金属知识》编写组@A《xi you jin shu zhi shi》bian xie zu@4编 |
| 801 | 0 | @aCN@bPFT@c20060508 |
| 905 | @a10447@dTF826.3@e7 | |
| 锂、铷、铯/《稀有金属知识》编写组编.-北京:冶金工业出版社,1974 |
| 54页;20cm.-(稀有金属知识) |
| ISBN :CNY0.15 |
| ● |
| 相关链接 |
|
|
|
|
正题名:锂、铷、铯
索取号:TF826.3/7
 
预约/预借
| 序号 | 登录号 | 条形码 | 馆藏地/架位号 | 状态 | 备注 |
| 1 | 0017932 | 202308788 | 密集书库/ [索取号:TF826.3/7] | 在馆 |